[Event "Olimpiada Calviá 2004"]
[Site "Calviá ESP"]
[Date "2004.10.23"]
[Round "8.64"]
[White "Salem, Ali Maoloud"]
[Black "Zoltek, Tadeusz"]
[Result "0-1"]
[WhiteElo "2228"]
[BlackElo "2313"]
[PlyCount "57"]
[EventDate "2004.10.15"]
[EventType "team"]
[EventRounds "14"]
[EventCountry "ESP"]
[Source "lmi"]
[SourceDate "2004.10.27"]

1. e4 c5 2. Nf3 Nc6 3. d4 cxd4 4. Nxd4 Nf6 5. Nc3 d6 6. Be2 e5 7. Nb3 Be7 8.
Be3 O-O 9. Qd2 Be6 10. O-O-O a5 11. a4 Nb4 12. Kb1 Rc8 13. Bg5 Nxe4 14. Nxe4
Rxc2 15. Bxe7 Qxe7 16. Qe3 Bxb3 17. Qxb3 Rxe2 18. Nxd6 Rxf2 19. Qg3 Rf6 20. Nc4
b6 21. b3 Kh8 22. Ka1 Qc5 23. Qxe5 Qxe5+ 24. Nxe5 Rf2 25. Nc4 Rxg2 26. Rd6 Re8
27. Rxb6 Rge2 28. Rb5 Na2 29. Nb2 0-1

[Event "Olimpiada Calviá 2004 Femenina"]
[Site "Calviá ESP"]
[Date "2004.10.23"]
[Round "8.33"]
[White "Hamid, Rani"]
[Black "Sabirova, Olga"]
[Result "0-1"]
[WhiteElo "2164"]
[BlackElo "2250"]
[PlyCount "60"]
[EventDate "2004.10.15"]
[EventType "team"]
[EventRounds "14"]
[EventCountry "ESP"]
[Source "lmi"]
[SourceDate "2004.10.27"]

1. e4 d5 2. exd5 Nf6 3. d4 Nxd5 4. c4 Nb6 5. c5 Nd5 6. Nf3 g6 7. Nc3 Bg7 8. Bc4
Nxc3 9. bxc3 O-O 10. O-O b6 11. Ba3 Bb7 12. Re1 Re8 13. Qe2 e6 14. Rab1 Nc6 15.
Bc1 Na5 16. Bb5 Bc6 17. cxb6 cxb6 18. Bxc6 Nxc6 19. Bg5 Qc7 20. Qd2 Qb7 21. Bf4
Na5 22. Bh6 Bh8 23. Ne5 Qd5 24. Ng4 Rac8 25. Bg5 h5 26. Nh6+ Kf8 27. Kf1 f5 28.
g4 Rxc3 29. gxf5 gxf5 30. Rbc1 Rec8 0-1

[Event "Olimpiada Calviá 2004 Femenina"]
[Site "Calviá ESP"]
[Date "2004.10.23"]
[Round "8.36"]
[White "Charmova, Evgenia"]
[Black "Sabah Moslem, Raneen"]
[Result "1/2-1/2"]
[WhiteElo "2047"]
[BlackElo "1912"]
[PlyCount "54"]
[EventDate "2004.10.15"]
[EventType "team"]
[EventRounds "14"]
[EventCountry "ESP"]
[Source "lmi"]
[SourceDate "2004.10.27"]

1. Nf3 Nf6 2. b3 Nc6 3. Bb2 d5 4. g3 Bf5 5. d3 e6 6. Bg2 Bd6 7. Nbd2 O-O 8. O-O
Re8 9. Re1 e5 10. c4 d4 11. Ng5 Bg6 12. Nge4 Nxe4 13. Nxe4 f5 14. Nd2 e4 15. f4
Bc5 16. a3 a5 17. Qc2 Re7 18. Kh1 Qe8 19. dxe4 fxe4 20. Nf1 d3 21. exd3 exd3
22. Rxe7 Qxe7 23. Bd5+ Kh8 24. Qg2 Re8 25. Nd2 Qe2 26. Bf3 Qe7 27. h3 Qe6
1/2-1/2

[Event "Olimpiada Calviá 2004"]
[Site "Calviá ESP"]
[Date "2004.10.24"]
[Round "9.2"]
[White "Kaidanov, Gregory S"]
[Black "Arizmendi Martinez, Julen L"]
[Result "1-0"]
[WhiteElo "2611"]
[BlackElo "2531"]
[PlyCount "55"]
[EventDate "2004.10.15"]
[EventType "team"]
[EventRounds "14"]
[EventCountry "ESP"]
[Source "lmi"]
[SourceDate "2004.10.27"]

1. d4 Nf6 2. c4 g6 3. Nc3 Bg7 4. e4 d6 5. Be2 O-O 6. Nf3 Na6 7. O-O e5 8. Be3
Ng4 9. Bg5 f6 10. Bc1 Qe8 11. h3 Nh6 12. Re1 Nf7 13. Rb1 Kh8 14. b4 exd4 15.
Nd5 Qd8 16. Nxd4 c5 17. Nb5 Nxb4 18. Nxb4 a6 19. Nc3 cxb4 20. Rxb4 f5 21. Rb3
Ng5 22. exf5 Bxf5 23. Nd5 Rf7 24. Bg4 b5 25. Rbe3 h6 26. h4 Nh7 27. Bxf5 gxf5
28. Qh5 1-0

[Event "Olimpiada Calviá 2004"]
[Site "Calviá ESP"]
[Date "2004.10.24"]
[Round "9.6"]
[White "Fressinet, Laurent"]
[Black "Izoria, Zviad"]
[Result "1/2-1/2"]
[WhiteElo "2640"]
[BlackElo "2600"]
[PlyCount "52"]
[EventDate "2004.10.15"]
[EventType "team"]
[EventRounds "14"]
[EventCountry "ESP"]
[Source "lmi"]
[SourceDate "2004.10.27"]

1. e4 c6 2. d4 d5 3. Nc3 dxe4 4. Nxe4 Bf5 5. Ng3 Bg6 6. h4 h6 7. Nf3 Nd7 8. h5
Bh7 9. Bd3 Bxd3 10. Qxd3 e6 11. Bf4 Ngf6 12. O-O-O Qa5 13. Kb1 Be7 14. Ne4 Nxe4
15. Qxe4 Nf6 16. Qd3 Ng4 17. Qe2 Qb5 18. Rd3 O-O-O 19. Ne5 Nxe5 20. Bxe5 Bf6
21. Bxf6 gxf6 22. Qf3 f5 23. g3 Qd5 24. Rh4 Qxf3 25. Rxf3 Rhg8 26. c3 Rd7
1/2-1/2

[Event "Olimpiada Calviá 2004"]
[Site "Calviá ESP"]
[Date "2004.10.24"]
[Round "9.6"]
[White "Degraeve, Jean-Marc"]
[Black "Gelashvili, Tamaz"]
[Result "1-0"]
[WhiteElo "2551"]
[BlackElo "2576"]
[PlyCount "83"]
[EventDate "2004.10.15"]
[EventType "team"]
[EventRounds "14"]
[EventCountry "ESP"]
[Source "lmi"]
[SourceDate "2004.10.27"]

1. e4 c6 2. d4 d5 3. exd5 cxd5 4. Bd3 Nc6 5. c3 Qc7 6. h3 g6 7. Ne2 Bf5 8. Bxf5
gxf5 9. Bf4 Qd7 10. Nd2 Nf6 11. Nf3 Rg8 12. Ne5 Nxe5 13. Bxe5 Ne4 14. O-O e6
15. f3 Nd6 16. b3 Rc8 17. Re1 Bh6 18. c4 dxc4 19. d5 Nb5 20. a4 Nc7 21. bxc4
exd5 22. Nf4 Kf8 23. cxd5 Bg7 24. Bxg7+ Rxg7 25. Rc1 Qd6 26. Qd4 Rd8 27. Re5
Kg8 28. Rce1 h6 29. Rxf5 Ne8 30. Rfe5 Nf6 31. Qxa7 Qb4 32. Qe3 Rd6 33. Re7 Qxa4
34. Rxb7 Qc2 35. Rb8+ Kh7 36. Rc1 Nxd5 37. Rxc2 Nxe3 38. Rcc8 Rg5 39. Rh8+ Kg7
40. Rbg8+ Kf6 41. Rxh6+ Ke7 42. Rxg5 1-0

[Event "Olimpiada Calviá 2004"]
[Site "Calviá ESP"]
[Date "2004.10.24"]
[Round "9.8"]
[White "Gnusarev, Petr"]
[Black "Avrukh, Boris"]
[Result "0-1"]
[WhiteElo "2357"]
[BlackElo "2614"]
[PlyCount "75"]
[EventDate "2004.10.15"]
[EventType "team"]
[EventRounds "14"]
[EventCountry "ESP"]
[Source "lmi"]
[SourceDate "2004.10.27"]

1. d4 d5 2. c4 c6 3. Nf3 Nf6 4. Nc3 dxc4 5. a4 Bf5 6. Nh4 Bd7 7. e4 e6 8. Nf3
Bb4 9. e5 Ne4 10. Qc2 Qa5 11. Bxc4 Nxc3 12. bxc3 Bxc3+ 13. Bd2 Bxd2+ 14. Nxd2
c5 15. O-O cxd4 16. Bb5 O-O 17. Bd3 Rc8 18. Nc4 Qd5 19. Bxh7+ Kf8 20. Bd3 Na6
21. Qe2 g6 22. Nd6 Rc3 23. Rfe1 Bc6 24. f3 Nb4 25. Rad1 Bxa4 26. Bxg6 Re3 27.
Qd2 Nc6 28. Ra1 Nxe5 29. Rxa4 Nxg6 30. Ne4 Rxe1+ 31. Qxe1 Kg7 32. Ra5 b5 33.
Ra6 Rc8 34. Rxa7 Rc2 35. h4 d3 36. Qa1+ e5 37. h5 d2 38. h6+ 0-1

[Event "Olimpiada Calviá 2004"]
[Site "Calviá ESP"]
[Date "2004.10.24"]
[Round "9.8"]
[White "Roiz, Michael"]
[Black "Kuderinov, Kirill"]
[Result "1-0"]
[WhiteElo "2560"]
[BlackElo "2323"]
[PlyCount "83"]
[EventDate "2004.10.15"]
[EventType "team"]
[EventRounds "14"]
[EventCountry "ESP"]
[Source "lmi"]
[SourceDate "2004.10.27"]

1. d4 Nf6 2. c4 g6 3. g3 Bg7 4. Bg2 O-O 5. Nc3 d6 6. Nf3 Nc6 7. O-O Bf5 8. b3
Ne4 9. Nd5 Nf6 10. Nxf6+ exf6 11. d5 Ne7 12. Bb2 Qd7 13. Re1 Bh3 14. Qd2 Bxg2
15. Kxg2 Nc8 16. a4 Qg4 17. a5 a6 18. Bc3 Re8 19. Qb2 Qe4 20. Rad1 b6 21. Rd3
Qg4 22. h3 Qd7 23. Bxf6 Bxf6 24. Qxf6 bxa5 25. e4 Nb6 26. Qc3 a4 27. b4 c6 28.
c5 cxd5 29. c6 Qc7 30. exd5 Rxe1 31. Qxe1 Rb8 32. Qe4 Qd8 33. Qd4 Na8 34. Ra3
Qb6 35. Qf6 Qxb4 36. Ng5 Rf8 37. Rf3 Qb3 38. Rxb3 axb3 39. Qb2 Rb8 40. Ne4 f5
41. Nxd6 Nc7 42. Nb7 1-0

[Event "Olimpiada Calviá 2004"]
[Site "Calviá ESP"]
[Date "2004.10.24"]
[Round "9.9"]
[White "Laylo, Darwin"]
[Black "Mamedov, Rauf"]
[Result "0-1"]
[WhiteElo "2328"]
[BlackElo "2517"]
[PlyCount "86"]
[EventDate "2004.10.15"]
[EventType "team"]
[EventRounds "14"]
[EventCountry "ESP"]
[Source "lmi"]
[SourceDate "2004.10.27"]

1. d4 Nf6 2. c4 g6 3. Nc3 Bg7 4. g3 O-O 5. Bg2 d6 6. e4 Nfd7 7. Nge2 c5 8. Be3
cxd4 9. Bxd4 Ne5 10. Bxe5 Bxe5 11. O-O Bg7 12. Qd2 Nc6 13. b3 Qa5 14. Rad1 Bg4
15. f3 Bd7 16. h3 Rad8 17. Kh2 a6 18. f4 b5 19. cxb5 axb5 20. f5 Be5 21. Qe3
Nb4 22. Rf3 Rc8 23. h4 Kh8 24. Bh3 gxf5 25. exf5 f6 26. Rd2 Rg8 27. Rf4 Rg7 28.
Rg4 Rxg4 29. Bxg4 Qc7 30. Nd1 Qc5 31. Qh6 Rg8 32. Nf4 Be8 33. Bh3 Qc1 34. Ne2
Qc5 35. Nf4 Bf7 36. Bg2 Qc1 37. Ne2 Qc5 38. Nf4 Qc1 39. Ne2 Qb1 40. Ne3 Qe1 41.
Nf1 Nd5 42. Nf4 Bxf4 43. gxf4 Ne3 0-1

[Event "Olimpiada Calviá 2004"]
[Site "Calviá ESP"]
[Date "2004.10.24"]
[Round "9.10"]
[White "Solak, Dragan"]
[Black "Iordachescu, Viorel"]
[Result "1/2-1/2"]
[WhiteElo "2563"]
[BlackElo "2632"]
[PlyCount "52"]
[EventDate "2004.10.15"]
[EventType "team"]
[EventRounds "14"]
[EventCountry "ESP"]
[Source "lmi"]
[SourceDate "2004.10.27"]

1. e4 c6 2. c4 d5 3. cxd5 cxd5 4. exd5 Nf6 5. Nc3 Nxd5 6. d4 e6 7. Bd3 Bb4 8.
Nge2 Nc6 9. O-O O-O 10. a3 Bd6 11. Nxd5 exd5 12. Bf4 Bg4 13. f3 Bh5 14. Qd2 Bg6
15. Bxg6 hxg6 16. Bxd6 Qxd6 17. Rfe1 Rfe8 18. Nc3 Rad8 19. Re3 Rxe3 20. Qxe3
Qf6 21. Rd1 Kf8 22. Qd3 a6 23. b4 Qd6 24. Qd2 Qf6 25. Qd3 Qd6 26. Qd2 Qf6
1/2-1/2

[Event "Olimpiada Calviá 2004"]
[Site "Calviá ESP"]
[Date "2004.10.24"]
[Round "9.10"]
[White "Svetushkin, Dmitry"]
[Black "Markus, Robert"]
[Result "1/2-1/2"]
[WhiteElo "2568"]
[BlackElo "2555"]
[PlyCount "88"]
[EventDate "2004.10.15"]
[EventType "team"]
[EventRounds "14"]
[EventCountry "ESP"]
[Source "lmi"]
[SourceDate "2004.10.27"]

1. e4 c5 2. Nf3 e6 3. d4 cxd4 4. Nxd4 a6 5. c4 Nf6 6. Nc3 Bb4 7. Qc2 O-O 8. Bd3
d6 9. O-O e5 10. Nde2 Be6 11. Nd5 Bxd5 12. exd5 Nbd7 13. Ng3 Bc5 14. Qe2 Ne8
15. Qg4 g6 16. Bg5 Qc7 17. Nf5 f6 18. Bd2 Kh8 19. Ne7 Rf7 20. Qe6 Rg7 21. Bh6
Qd8 22. Bxg7+ Nxg7 23. Nxg6+ hxg6 24. Qh3+ Kg8 25. Bxg6 Nf8 26. Bf5 Nxf5 27.
Qxf5 Kg7 28. Rad1 Qd7 29. Qe4 Ng6 30. Rd3 f5 31. Qe2 Rh8 32. Qd2 Nf4 33. Rf3 a5
34. Rxf4 exf4 35. Qxf4 Re8 36. Qg5+ Kf8 37. Qf6+ Kg8 38. Qg6+ Kf8 39. Qf6+ Qf7
40. Qh8+ Qg8 41. Qf6+ Qf7 42. Qh8+ Qg8 43. Qf6+ Qf7 44. Qh8+ Qg8 1/2-1/2

[Event "Olimpiada Calviá 2004"]
[Site "Calviá ESP"]
[Date "2004.10.24"]
[Round "9.10"]
[White "Kosic, Dragan"]
[Black "Sanduleac, Vasile"]
[Result "0-1"]
[WhiteElo "2519"]
[BlackElo "2486"]
[PlyCount "72"]
[EventDate "2004.10.15"]
[EventType "team"]
[EventRounds "14"]
[EventCountry "ESP"]
[Source "lmi"]
[SourceDate "2004.10.27"]

1. d4 d5 2. Nf3 c6 3. c4 Nf6 4. e3 Bf5 5. Bd3 Bxd3 6. Qxd3 e6 7. O-O Be7 8. Nc3
O-O 9. e4 dxe4 10. Nxe4 Nxe4 11. Qxe4 Nd7 12. Rd1 Nf6 13. Qe2 Qc7 14. b3 Rad8
15. g3 Rfe8 16. Bb2 Nd7 17. Rac1 Bf6 18. Rd2 Nf8 19. Rcd1 Ng6 20. h4 Qa5 21. a3
Qf5 22. Ne5 h5 23. Qe3 a6 24. Kh2 Nxe5 25. dxe5 Rxd2 26. Rxd2 Be7 27. Rd7 b5
28. c5 Kf8 29. Qd4 g5 30. hxg5 Bxg5 31. Bc3 Kg7 32. Kg2 h4 33. g4 h3+ 34. Kg3
Qb1 35. f4 h2 36. Kxh2 Qf1 0-1

[Event "Olimpiada Calviá 2004"]
[Site "Calviá ESP"]
[Date "2004.10.24"]
[Round "9.11"]
[White "Ftacnik, Lubomir"]
[Black "Ruck, Robert"]
[Result "1/2-1/2"]
[WhiteElo "2533"]
[BlackElo "2562"]
[PlyCount "54"]
[EventDate "2004.10.15"]
[EventType "team"]
[EventRounds "14"]
[EventCountry "ESP"]
[Source "lmi"]
[SourceDate "2004.10.27"]

1. d4 Nf6 2. c4 g6 3. g3 Bg7 4. Bg2 d5 5. cxd5 Nxd5 6. Nf3 Nb6 7. Nc3 Nc6 8. e3
O-O 9. O-O Re8 10. d5 Na5 11. Nd4 Bd7 12. e4 c6 13. Bf4 Bc8 14. Bc1 e6 15. Nb3
Nxb3 16. axb3 exd5 17. exd5 cxd5 18. Nxd5 Be6 19. Nxb6 Qxb6 20. Qf3 Re7 21. Bg5
Rd7 22. Rfd1 Rxd1+ 23. Rxd1 Qxb3 24. Qxb3 Bxb3 25. Rd7 Rb8 26. Bf4 Be6 27. Rd2
Re8 1/2-1/2

[Event "Olimpiada Calviá 2004"]
[Site "Calviá ESP"]
[Date "2004.10.24"]
[Round "9.11"]
[White "Varga, Zoltan"]
[Black "Mrva, Martin"]
[Result "1-0"]
[WhiteElo "2538"]
[BlackElo "2507"]
[PlyCount "115"]
[EventDate "2004.10.15"]
[EventType "team"]
[EventRounds "14"]
[EventCountry "ESP"]
[Source "lmi"]
[SourceDate "2004.10.27"]

1. d4 Nf6 2. c4 g6 3. Nc3 Bg7 4. e4 d6 5. f3 O-O 6. Be3 c5 7. Nge2 Nc6 8. Qd2
a6 9. O-O-O Qa5 10. Kb1 e6 11. dxc5 dxc5 12. Nc1 Rd8 13. Bd3 Nd7 14. Nb3 Qc7
15. Bg5 f6 16. Bf4 Nde5 17. Qe3 b6 18. Be2 Bb7 19. Bg3 g5 20. h4 Rxd1+ 21. Rxd1
gxh4 22. Bxh4 Ng6 23. Bf2 Rd8 24. g3 Rxd1+ 25. Bxd1 Nge5 26. Be2 h5 27. Qd2 Qd8
28. Na4 Qc7 29. Qd1 Ne7 30. Nc3 f5 31. exf5 Nxf5 32. f4 Ng4 33. Bxg4 hxg4 34.
Qxg4 Qc6 35. Nd2 Qh1+ 36. Kc2 Kf7 37. Qe2 Bd4 38. g4 Nd6 39. Bxd4 cxd4 40. Nd1
Ne4 41. Nf3 Nc5 42. Ng5+ Ke7 43. Nf2 Qa1 44. Nd3 Bc8 45. Nxc5 bxc5 46. Qe5 d3+
47. Kd2 Qf1 48. Qxc5+ Kd7 49. Qe3 Kc7 50. Ne4 Bb7 51. Nc5 Bf3 52. Nxd3 Bxg4 53.
Qe5+ Kb6 54. Qb8+ Kc6 55. Ne5+ Kc5 56. Qa7+ Kd6 57. Qb6+ Ke7 58. Qc7+ 1-0

[Event "Olimpiada Calviá 2004"]
[Site "Calviá ESP"]
[Date "2004.10.24"]
[Round "9.11"]
[White "Timoscenko, Gennadij"]
[Black "Acs, Peter"]
[Result "1/2-1/2"]
[WhiteElo "2504"]
[BlackElo "2521"]
[PlyCount "34"]
[EventDate "2004.10.15"]
[EventType "team"]
[EventRounds "14"]
[EventCountry "ESP"]
[Source "lmi"]
[SourceDate "2004.10.27"]

1. d4 d5 2. c4 c6 3. Nf3 Nf6 4. Nc3 e6 5. e3 Nbd7 6. Qc2 Bd6 7. Bd3 O-O 8. O-O
dxc4 9. Bxc4 a6 10. Rd1 b5 11. Be2 Qc7 12. Ne4 Nxe4 13. Qxe4 e5 14. Qh4 Re8 15.
Bd3 h6 16. Bd2 Be7 17. Qg3 Bd6 1/2-1/2

[Event "Olimpiada Calviá 2004"]
[Site "Calviá ESP"]
[Date "2004.10.24"]
[Round "9.12"]
[White "Delgado, Neuris"]
[Black "Schandorff, Lars"]
[Result "1-0"]
[WhiteElo "2554"]
[BlackElo "2510"]
[PlyCount "79"]
[EventDate "2004.10.15"]
[EventType "team"]
[EventRounds "14"]
[EventCountry "ESP"]
[Source "lmi"]
[SourceDate "2004.10.27"]

1. e4 c5 2. Nf3 Nc6 3. Bb5 g6 4. Bxc6 dxc6 5. d3 Bg7 6. h3 Nf6 7. Nc3 Nd7 8.
Be3 e5 9. Qd2 h6 10. O-O Qe7 11. a3 Nf8 12. b4 Ne6 13. Na4 b6 14. Rae1 Ba6 15.
bxc5 b5 16. Nb2 Rd8 17. a4 Nd4 18. Bxd4 exd4 19. axb5 Bxb5 20. Qb4 a5 21. Qxa5
Qxc5 22. Nc4 O-O 23. Ra1 Rfe8 24. Nfd2 Bf8 25. Qc7 Qe7 26. Qf4 Qg5 27. Qf3 Ra8
28. e5 Qf5 29. Qg3 Red8 30. f4 h5 31. Qh4 Qe6 32. g4 Be7 33. Qg3 h4 34. Qf2 c5
35. f5 gxf5 36. gxf5 Qh6 37. Rxa8 Rxa8 38. f6 Bf8 39. Kh2 Kh8 40. Rg1 1-0

[Event "Olimpiada Calviá 2004"]
[Site "Calviá ESP"]
[Date "2004.10.24"]
[Round "9.12"]
[White "Mortensen, Erling"]
[Black "Nogueiras, Jesus"]
[Result "1/2-1/2"]
[WhiteElo "2465"]
[BlackElo "2546"]
[PlyCount "98"]
[EventDate "2004.10.15"]
[EventType "team"]
[EventRounds "14"]
[EventCountry "ESP"]
[Source "lmi"]
[SourceDate "2004.10.27"]

1. e4 Nf6 2. e5 Nd5 3. d4 d6 4. c4 Nb6 5. exd6 exd6 6. Nc3 Be7 7. Nf3 O-O 8.
Be3 Bg4 9. h3 Bh5 10. g4 Bg6 11. h4 h6 12. h5 Bh7 13. Qd2 Nc6 14. d5 Ne5 15.
Nxe5 dxe5 16. O-O-O e4 17. Be2 Nd7 18. Kb1 Bg5 19. Ka1 a5 20. Bxg5 Qxg5 21.
Qxg5 hxg5 22. Na4 Ne5 23. h6 gxh6 24. Rxh6 Kg7 25. Rhh1 Bg6 26. b3 Ra6 27. c5
Rf6 28. Rhf1 Rd8 29. Nb2 b6 30. cxb6 cxb6 31. Nc4 Nd3 32. Bxd3 exd3 33. Ne3 Rf4
34. Rd2 Rh8 35. Kb2 b5 36. a3 Rh3 37. d6 Rd4 38. Rc1 Rxd6 39. Rc5 Rh2 40. Rxb5
a4 41. Rxg5 Re6 42. Nc4 Re2 43. bxa4 Rhxf2 44. Kc3 Rf1 45. Rxd3 Rc1+ 46. Kb4
Kh6 47. Rxg6+ Kxg6 48. Rd4 Rb1+ 49. Kc5 Re8 1/2-1/2

[Event "Olimpiada Calviá 2004"]
[Site "Calviá ESP"]
[Date "2004.10.24"]
[Round "9.13"]
[White "Kulaots, Kaido"]
[Black "Oral, Tomas"]
[Result "1/2-1/2"]
[WhiteElo "2597"]
[BlackElo "2565"]
[PlyCount "88"]
[EventDate "2004.10.15"]
[EventType "team"]
[EventRounds "14"]
[EventCountry "ESP"]
[Source "lmi"]
[SourceDate "2004.10.27"]

1. e4 c5 2. Nf3 Nc6 3. d4 cxd4 4. Nxd4 Qc7 5. Nc3 e6 6. Be3 a6 7. Qd2 Nf6 8.
O-O-O b5 9. Bf4 Qb6 10. e5 Qxd4 11. Qxd4 Nxd4 12. Rxd4 Ng4 13. Be2 Bc5 14. Rd2
Nxf2 15. Bf3 Nxh1 16. Bxa8 Nf2 17. Bf3 h5 18. Re2 Bd4 19. h3 h4 20. Re1 f5 21.
exf6 gxf6 22. Bh2 Kf7 23. Ne2 Be3+ 24. Kb1 d5 25. Bg1 Bc5 26. b4 Bxb4 27. Bxf2
Bxe1 28. Bxe1 Bb7 29. Nf4 e5 30. Bxd5+ Bxd5 31. Nxd5 f5 32. Ne3 Ke6 33. Kc1 e4
34. Kd2 f4 35. Ng4 Kf5 36. Ke2 Rc8 37. Kd2 b4 38. Bxh4 e3+ 39. Kc1 a5 40. Be1
Rd8 41. Nh2 Ke4 42. Ng4 Kf5 43. Nh2 Ke4 44. Ng4 Kf5 1/2-1/2

[Event "Olimpiada Calviá 2004"]
[Site "Calviá ESP"]
[Date "2004.10.24"]
[Round "9.14"]
[White "Egin, Vladimir"]
[Black "Van Den Doel, Erik"]
[Result "1/2-1/2"]
[WhiteElo "2459"]
[BlackElo "2560"]
[PlyCount "47"]
[EventDate "2004.10.15"]
[EventType "team"]
[EventRounds "14"]
[EventCountry "ESP"]
[Source "lmi"]
[SourceDate "2004.10.27"]

1. e4 e5 2. Nf3 Nc6 3. Nc3 Nf6 4. d4 exd4 5. Nxd4 Bb4 6. Nxc6 bxc6 7. Bd3 d5 8.
exd5 cxd5 9. O-O O-O 10. Bg5 c6 11. Qf3 Bd6 12. Ne2 h6 13. Bxf6 Qxf6 14. Qxf6
gxf6 15. c4 Ba6 16. Rfd1 dxc4 17. Bh7+ Kxh7 18. Rxd6 Rab8 19. Rxc6 Rxb2 20. Nc3
Bb7 21. Rxc4 Rg8 22. Ne4 Bxe4 23. Rxe4 Rgb8 24. g3 1/2-1/2

[Event "Olimpiada Calviá 2004"]
[Site "Calviá ESP"]
[Date "2004.10.24"]
[Round "9.14"]
[White "Nijboer, Friso"]
[Black "Gareev, Timur"]
[Result "0-1"]
[WhiteElo "2567"]
[BlackElo "2525"]
[PlyCount "52"]
[EventDate "2004.10.15"]
[EventType "team"]
[EventRounds "14"]
[EventCountry "ESP"]
[Source "lmi"]
[SourceDate "2004.10.27"]

1. e4 e5 2. Nf3 Nc6 3. Bb5 a6 4. Ba4 Nf6 5. O-O Bc5 6. d3 d6 7. a3 Ba7 8. Be3
O-O 9. Nbd2 Ne7 10. Nh4 Bg4 11. Qe1 Nh5 12. Bxa7 Rxa7 13. c3 Nf4 14. Qe3 Ra8
15. g3 Nfg6 16. Nxg6 Nxg6 17. d4 Kh8 18. Bd1 Bh3 19. Re1 Qd7 20. Nf3 f5 21.
exf5 Bxf5 22. dxe5 dxe5 23. Bb3 Rae8 24. Rad1 Qe7 25. Rd2 e4 26. Qg5 Ne5 0-1

[Event "Olimpiada Calviá 2004"]
[Site "Calviá ESP"]
[Date "2004.10.24"]
[Round "9.15"]
[White "Perez Candelario, Manuel"]
[Black "Hillarp Persson, Tiger"]
[Result "1/2-1/2"]
[WhiteElo "2474"]
[BlackElo "2523"]
[PlyCount "79"]
[EventDate "2004.10.15"]
[EventType "team"]
[EventRounds "14"]
[EventCountry "ESP"]
[Source "lmi"]
[SourceDate "2004.10.27"]

1. e4 g6 2. d4 Bg7 3. Nf3 d6 4. Bc4 Nf6 5. Qe2 O-O 6. O-O Bg4 7. h3 Bxf3 8.
Qxf3 Nc6 9. c3 e5 10. Be3 Nd7 11. Qd1 Nb6 12. Bb5 exd4 13. cxd4 f5 14. exf5
gxf5 15. d5 Ne5 16. Bxb6 axb6 17. f4 Nd7 18. Nc3 Bxc3 19. bxc3 Nc5 20. a4 Rf7
21. Rf3 Qh4 22. Ra2 Re7 23. Re2 Re4 24. Kh2 Rf8 25. Rxe4 Nxe4 26. Qd4 Rf7 27.
Bd3 Re7 28. a5 bxa5 29. Bxe4 Rxe4 30. Qa7 Qd8 31. Qxa5 h5 32. Qb5 b6 33. Rg3+
Kh7 34. Qf1 Qh4 35. Qa6 Re3 36. Rxe3 Qxf4+ 37. Rg3 h4 38. Qd3 Qe5 39. c4 b5 40.
cxb5 1/2-1/2

[Event "Olimpiada Calviá 2004"]
[Site "Calviá ESP"]
[Date "2004.10.24"]
[Round "9.15"]
[White "Hellsten, Johan"]
[Black "Herraiz Hidalgo, Herminio"]
[Result "1-0"]
[WhiteElo "2564"]
[BlackElo "2474"]
[PlyCount "137"]
[EventDate "2004.10.15"]
[EventType "team"]
[EventRounds "14"]
[EventCountry "ESP"]
[Source "lmi"]
[SourceDate "2004.10.27"]

1. d4 f5 2. g3 Nf6 3. Bg2 g6 4. Nf3 Bg7 5. O-O O-O 6. c4 d6 7. Nc3 Qe8 8. Re1
Qf7 9. b3 Ne4 10. Bb2 Nd7 11. Rc1 Ndf6 12. e3 Nxc3 13. Rxc3 Ne4 14. Rc2 c6 15.
Nd2 Nxd2 16. Qxd2 Bd7 17. Qa5 b6 18. Qa6 Qe8 19. b4 e5 20. dxe5 dxe5 21. Rd2
Rf7 22. Red1 Be6 23. c5 Qc8 24. Qa4 e4 25. Bxg7 Kxg7 26. Rd6 b5 27. Qc2 Bd5 28.
Bf1 a6 29. a4 Rb8 30. Qc3+ Kg8 31. Ra1 Rd7 32. axb5 axb5 33. Qe5 Rbb7 34. Bxb5
Re7 35. Qf6 Qf8 36. Bxc6 Bxc6 37. Qxf8+ Kxf8 38. Rxc6 Rxb4 39. Rc1 Ke8 40. Rb6
Rb7 41. Rxb7 Rxb7 42. c6 Rc7 43. Kg2 Kd8 44. h3 Re7 45. g4 fxg4 46. hxg4 Kc7
47. Kg3 h5 48. Rc4 hxg4 49. Kxg4 Re5 50. Rc1 Rf5 51. Rc2 Re5 52. Kf4 Re6 53.
Kg5 Rd6 54. Kh6 Rf6 55. Kg5 Rd6 56. Kf4 Re6 57. Ra2 Rxc6 58. Kxe4 Kd6 59. Kf4
Ke6 60. Kg5 Kd5 61. Ra4 Rc2 62. Rf4 Rc6 63. Rf6 Rc5 64. Kxg6 Ke4 65. Rf4+ Kd3
66. e4 Kd4 67. f3 Rc8 68. Rf5 Ra8 69. Kg5 1-0

[Event "Olimpiada Calviá 2004"]
[Site "Calviá ESP"]
[Date "2004.10.24"]
[Round "9.15"]
[White "Alcazar Jimenez, Victor"]
[Black "Brynell, Stellan"]
[Result "1/2-1/2"]
[WhiteElo "2412"]
[BlackElo "2473"]
[PlyCount "77"]
[EventDate "2004.10.15"]
[EventType "team"]
[EventRounds "14"]
[EventCountry "ESP"]
[Source "lmi"]
[SourceDate "2004.10.27"]

1. e4 e6 2. Nf3 d5 3. Nc3 Nf6 4. e5 Nfd7 5. d4 c5 6. dxc5 Nc6 7. Bf4 Bxc5 8.
Bd3 f6 9. exf6 Nxf6 10. Qe2 O-O 11. O-O-O a6 12. Ne5 Nxe5 13. Bxe5 Bd7 14. g4
Be8 15. Rhf1 b5 16. f4 b4 17. Nb1 Nd7 18. f5 Nxe5 19. Qxe5 Qg5+ 20. Nd2 Bd7 21.
Qg3 a5 22. Kb1 Qe7 23. Rde1 h6 24. Qh3 e5 25. f6 gxf6 26. Qxh6 Be6 27. Bf5 Bxf5
28. gxf5 Qh7 29. Qxh7+ Kxh7 30. Rf3 Kg7 31. c4 bxc3 32. Rxc3 Bb4 33. Rg1+ Kf7
34. Rc7+ Be7 35. Nf3 Rac8 36. Ra7 Ra8 37. Rc7 Rac8 38. Ra7 Ra8 39. Rc7 1/2-1/2

[Event "Olimpiada Calviá 2004"]
[Site "Calviá ESP"]
[Date "2004.10.24"]
[Round "9.16"]
[White "Mascaro March, Pedro"]
[Black "Warner, Delisle"]
[Result "1-0"]
[WhiteElo "2323"]
[BlackElo "2291"]
[PlyCount "65"]
[EventDate "2004.10.15"]
[EventType "team"]
[EventRounds "14"]
[EventCountry "ESP"]
[Source "lmi"]
[SourceDate "2004.10.27"]

1. d4 Nf6 2. c4 e6 3. g3 a6 4. Bg2 Be7 5. e4 d5 6. e5 Ne4 7. f3 Bb4+ 8. Kf1 f6
9. fxe4 O-O 10. a3 fxe5+ 11. Ke2 Nc6 12. axb4 Nxd4+ 13. Ke1 Qf6 14. Be3 dxc4
15. Nd2 Qe7 16. Ngf3 Qxb4 17. Nxd4 exd4 18. Bxd4 e5 19. Bc3 Qc5 20. Rf1 Be6 21.
Qh5 Rxf1+ 22. Bxf1 Rf8 23. Qxe5 Qe3+ 24. Be2 Qg1+ 25. Nf1 Qf2+ 26. Kd1 Rd8+ 27.
Kc1 Qf7 28. Ne3 Rf8 29. Kc2 Re8 30. Rf1 Qd7 31. Rd1 Qf7 32. Bh5 Qf2+ 33. Rd2
1-0

[Event "Olimpiada Calviá 2004"]
[Site "Calviá ESP"]
[Date "2004.10.24"]
[Round "9.16"]
[White "Farley, Terry"]
[Black "Pont Mulet, Antonio"]
[Result "1/2-1/2"]
[WhiteElo "2247"]
[BlackElo "2265"]
[PlyCount "89"]
[EventDate "2004.10.15"]
[EventType "team"]
[EventRounds "14"]
[EventCountry "ESP"]
[Source "lmi"]
[SourceDate "2004.10.27"]

1. e4 e6 2. d4 d5 3. Nd2 c5 4. exd5 Qxd5 5. Ngf3 cxd4 6. Bc4 Qd6 7. O-O Nf6 8.
Nb3 Nc6 9. Nbxd4 Nxd4 10. Qxd4 Qxd4 11. Nxd4 a6 12. a4 Bd7 13. h3 Bc5 14. Be3
Rc8 15. Bb3 O-O 16. c3 Rfd8 17. Rfe1 Kf8 18. Rad1 b6 19. Kh2 a5 20. Kg1 h6 21.
Nf3 Bxe3 22. Rxe3 Be8 23. Red3 Ke7 24. Rxd8 Rxd8 25. Rxd8 Kxd8 26. Nd4 Ne4 27.
Bc2 Nc5 28. b3 Bd7 29. f4 Ke7 30. Kf2 f6 31. Ke3 e5 32. fxe5 fxe5 33. Nf3 Ke6
34. Nd2 Bc6 35. g3 Bd5 36. Bh7 Kf6 37. Bc2 g5 38. Bd1 Ke7 39. h4 gxh4 40. gxh4
Kd6 41. b4 axb4 42. cxb4 Na6 43. a5 Nxb4 44. axb6 Kc6 45. Nf3 1/2-1/2